Responses for show #3082 - Tuesday, January 13, 1998

Contestants

Kathryn Bower, an editorial assistant from Falls Church, Virginia

Omar Mahmood, an undergraduate student from Quincy, Illinois

Chris Marker, an airline pilot from New Fairfield, Connecticut (whose 1-day cash winnings total $10,901)

Jeopardy! Round responses

SCIENCE & NATURE
U.S. HISTORY
CINE DE BANDERAS
CHEESE IT!
THE COPS
YELLOW THINGS
    $100 16
Knee joint

Chris
    $100 1
Colorado

Chris
    $100 6
Evita

Kathryn
    $100 8
Mozzarella

Omar
    $100 19
Counties

Omar
    $100 30
Lemon

Omar
    $200 12
Osmosis

Chris
    $200 2
Electric chair

Omar
    $200 7
Philadelphia

Omar
    $200 9
Fondue

Kathryn
    $200 20
Highway patrol

Triple Stumper
    $200 29
Yellow streak

Omar
    $300 13
(O: What are moths?)

Cockroach

ChrisOmar
    $300 3
George Washington

Chris
    $300 17
Truth or Dare

Kathryn
    $300 10
(C: What is blue cheese?)

Brie

ChrisOmar
    $500 21
Handcuffs

Omar
    $300 25
(O: What are pencils?)

Post-it Notes

ChrisOmar
    $400 14
Protozoans/protists

Omar
    $400 4
(C: What is Enterprise?)
(O: What is Discovery?)

Endeavour

ChrisOmar
Triple Stumper
    $400 18
Zorro

Omar
    $400 11
(C: What is Denmark?)

Norway

Chris
Triple Stumper
    $400 22
Bicycles

Kathryn
    $400 26
Goldfinch

Triple Stumper
    $500 15
(O: Who was Herschel?)

Edmond Halley

Omar
Triple Stumper
    $500 5
Franklin

Triple Stumper
    $500 28
The Mambo Kings

Triple Stumper
    $500 24
(less than a minute to go...)

Farms

Triple Stumper
    $500 23
4th Amendment

Omar
    $500 27
Her hair

Chris

Scores at the first commercial break (after clue 15):

Chris Omar Kathryn
-$200 $0 $300

Scores at the end of the Jeopardy! Round:

Chris Omar Kathryn
$700 $1,500 $1,000

Double Jeopardy! Round responses

INTERIOR DESIGN
WORLD GEOGRAPHY
DIRECTING THEIR WIVES
TIME ZONE PROBLEMS
YET MORE BRIT LIT
MAN OF _____
    $200 7
Mexico

Omar
    $200 2
Blake Edwards

Chris
    $200 25
Midnight

Chris
    $200 20
Rudyard Kipling

Kathryn
    $200 11
"Man of Steel"

Omar
    $400 8
Mediterranean Sea

Chris
    $400 3
(O: What is "Blazing Saddles?")

Silent Movie

Omar
Triple Stumper
    $400 14
(O: What is 4 P.M.?)
(K: What is 2 P.M.?)

3 P.M. (Detroit is one hour ahead)

ChrisOmarKathryn
    $400 21
(we have about a minute left...)

"Pilgrims Progress"

Omar
    $400 12
Man of La Mancha

Chris
    $600 1
India

Chris
    $600 4
Rachel, Rachel

Triple Stumper
    $600 15
(C: What is 4 A.M.?)

4 P.M.

Chris
Triple Stumper
    $600 22
Ivanhoe

Omar
    $600 13
(O: What is a man to be reckoned with?)

"A man of distinction"

Omar
Triple Stumper
    $800 27
(buzzer sounds)

Plaster

Triple Stumper
    $800 9
Jutland Peninsula

Omar
    $1,500 5
Orson Welles (he was married to Rita Hayworth)

Chris
    $800 16
(O: What is 4?)

2

ChrisOmar
    $800 23
David Copperfield

Triple Stumper
    $800 18
Man-of-War

Chris
    $1000 26
Safe

Chris
    $2,100 10
Venezuela

Omar
    $1000 6
John Cassavetes

Chris
    $1000 17
5 P.M.

Omar
    $1000 24
(C: What is....(time)?)

"Of Human Bondage"

Chris
Triple Stumper
    $1000 19
Man of letters

Kathryn

Scores at the end of the Double Jeopardy! Round:

Chris Omar Kathryn
$6,400 $4,600 $1,800

[wagering suggestions for these scores]

Final Jeopardy! Round responses

WALL STREET
KathrynWhat is ConEdison?
$800
OmarWhat is General Electric?
$4,600
ChrisWhat is NYNEX?
$2,801
Consolidated Edison

Final scores:

Chris Omar Kathryn
$3,599 $0 $2,600
2-day champion: $14,500 3rd place: Pair of Ellesse Watches 2nd place: Trip to Couples Beach Resort, Jamaica

Game dynamics:

Coryat scores:

Chris Omar Kathryn
$5,700 $3,300 $1,800
18 R
(including 1 DD),
5 W
18 R
(including 2 DDs),
8 W
6 R,
1 W

Combined Coryat: $10,800

The J! Archive is created by fans, for fans. The Jeopardy! game show and all elements thereof, including but not limited to copyright and trademark thereto, are the property of Jeopardy Productions, Inc. and are protected under law. This website is not affiliated with, sponsored by, or operated by Jeopardy Productions, Inc. Join the discussion at JBoard.tv.